[Event "Quebec-ch U14"]
[Site "Montreal CAN"]
[Date "2002.03.09"]
[Round "3"]
[White "Ouellet-Leveille, Clement"]
[Black "Mathieu, Jean Phillipe"]
[Result "1/2-1/2"]
[WhiteElo "1877"]
[BlackElo "1655"]
[PlyCount "76"]
[EventDate "2002.03.08"]
[EventType "tourn"]
[EventRounds "5"]
[EventCountry "CAN"]

1. e4 e5 2. Nf3 Nc6 3. Bc4 Bc5 4. c3 Nf6 5. b4 Bb6 6. d3 d6 7. O-O Be6 8. Bxe6
fxe6 9. a4 a6 10. Qb3 Qd7 11. Ng5 Nd8 12. Na3 O-O 13. Nc4 Ba7 14. Be3 h6 15.
Bxa7 Rxa7 16. Nf3 Nh7 17. Ne3 Qe7 18. b5 b6 19. a5 axb5 20. axb6 Rb7 21. bxc7
Qxc7 22. Ra8 Rf7 23. Qxe6 Nf8 24. Qe8 Rb8 25. Nd5 Qb7 26. Rxb8 Qxb8 27. Ne7+
Kh7 28. Nc6 Qc8 29. Nxd8 Rf6 30. Qxb5 Qxd8 31. d4 Ng6 32. Qd3 Nf4 33. Qe3 Qd7
34. dxe5 Nxg2 35. Ng5+ hxg5 36. Kxg2 Qg4+ 37. Kh1 Rh6 38. Rg1 Qh5 1/2-1/2

[Event "Quebec-ch U14"]
[Site "Montreal CAN"]
[Date "2002.03.10"]
[Round "4"]
[White "Campbell, Martin-Alexandre"]
[Black "Ouellet-Leveille, Clement"]
[Result "0-1"]
[WhiteElo "1279"]
[BlackElo "1877"]
[PlyCount "54"]
[EventDate "2002.03.08"]
[EventType "tourn"]
[EventRounds "5"]
[EventCountry "CAN"]

1. e4 e5 2. Nf3 Nf6 3. Nc3 Nc6 4. Bc4 Nxe4 5. Nxe4 d5 6. Bxd5 Qxd5 7. Nc3 Qa5
8. O-O Bg4 9. Re1 f5 10. d4 O-O-O 11. Bg5 Rxd4 12. Qe2 Bb4 13. Rad1 Bxc3 14.
bxc3 Qxc3 15. Rxd4 Nxd4 16. Qxe5 Bxf3 17. Re3 Qa1+ 18. Re1 Qb2 19. Bf4 Qb6 20.
Be3 Qg6 21. g3 Ne2+ 22. Kf1 Re8 23. Qb5 a6 24. Qa4 Qc6 25. Qb3 Rd8 26. Rxe2
Rd1+ 27. Re1 Bg2+ 0-1

[Event "Quebec-ch U14"]
[Site "Montreal CAN"]
[Date "2002.03.10"]
[Round "4"]
[White "Rodriguez, Aaron"]
[Black "Mathieu, Jean Phillipe"]
[Result "0-1"]
[WhiteElo "1550"]
[BlackElo "1655"]
[PlyCount "48"]
[EventDate "2002.03.08"]
[EventType "tourn"]
[EventRounds "5"]
[EventCountry "CAN"]

1. e4 e5 2. Nf3 Nc6 3. Bb5 Bc5 4. O-O d6 5. h3 Nf6 6. Re1 O-O 7. c3 Re8 8. d3
h6 9. Nbd2 Bd7 10. Ba4 Nh7 11. Nf1 Ne7 12. Bc2 Ng6 13. Ng3 Nh4 14. b4 Bb6 15.
a4 a6 16. Bb2 Nxf3+ 17. Qxf3 Ng5 18. Qe2 Qf6 19. a5 Ba7 20. Bc1 Bxh3 21. Bxg5
Qxg5 22. gxh3 Qxg3+ 23. Kf1 Qxh3+ 24. Kg1 Re6 0-1

[Event "Quebec-ch U14"]
[Site "Montreal CAN"]
[Date "2002.03.10"]
[Round "5"]
[White "Mathieu, Jean Phillipe"]
[Black "Campbell, Martin-Alexandre"]
[Result "1-0"]
[WhiteElo "1655"]
[BlackElo "1279"]
[PlyCount "59"]
[EventDate "2002.03.08"]
[EventType "tourn"]
[EventRounds "5"]
[EventCountry "CAN"]

1. e4 c5 2. Nf3 Nc6 3. d4 cxd4 4. Nxd4 Nf6 5. Nc3 d6 6. Be3 g6 7. Be2 Bg7 8.
O-O O-O 9. Qd2 e5 10. Nxc6 bxc6 11. Rfd1 d5 12. exd5 cxd5 13. Nxd5 Nxd5 14.
Qxd5 Qxd5 15. Rxd5 Be6 16. Ra5 Rfc8 17. Bd3 f5 18. f3 e4 19. fxe4 Bxb2 20. Rd1
Rd8 21. exf5 gxf5 22. Rf1 Bc3 23. Ra3 Bb4 24. Ra6 Bf7 25. Rxf5 Re8 26. Bh6 Bg6
27. Rf1 Bxd3 28. cxd3 Re5 29. Ra4 Bd6 30. Rg4+ 1-0

[Event "Quebec-ch U14"]
[Site "Montreal CAN"]
[Date "2002.03.10"]
[Round "5"]
[White "Ouellet-Leveille, Clement"]
[Black "Lawson, Jonathan"]
[Result "1-0"]
[WhiteElo "1877"]
[BlackElo "1587"]
[PlyCount "97"]
[EventDate "2002.03.08"]
[EventType "tourn"]
[EventRounds "5"]
[EventCountry "CAN"]

1. e4 e5 2. Nf3 Nc6 3. Bc4 Bc5 4. c3 Nf6 5. b4 Bb6 6. d3 d6 7. O-O a6 8. Na3
Ne7 9. Qb3 O-O 10. Qc2 Ng6 11. Bb3 Bg4 12. Ne1 Nh5 13. Nc4 Nhf4 14. Nxb6 cxb6
15. f3 Bd7 16. g3 Nh5 17. Ng2 Bh3 18. Rf2 Kh8 19. g4 Bxg2 20. gxh5 Nh4 21. Rxg2
Nxg2 22. Qxg2 f5 23. Bd2 Qh4 24. Qg5 Qh3 25. Be6 Qxf3 26. Bxf5 Qxd3 27. Rf1 Rf6
28. Qe3 Qb5 29. Rf2 Raf8 30. Qe2 Qe8 31. Be3 b5 32. Qd1 Qc6 33. Qd2 g6 34. hxg6
hxg6 35. Bg5 gxf5 36. Bxf6+ Rxf6 37. exf5 Qd7 38. Qd3 d5 39. Qh3+ Kg8 40. Rg2+
Kf8 41. Qh8+ Ke7 42. Qg7+ Rf7 43. Qxe5+ Kf8 44. Qb8+ Ke7 45. Re2+ Kf6 46. Qe5+
Kg5 47. h4+ Kh6 48. Qh8+ Rh7 49. Qf6+ 1-0

[Event "Quebec-ch U16"]
[Site "Montreal CAN"]
[Date "2002.03.08"]
[Round "1"]
[White "Masaidov, Ibrahim"]
[Black "Khodjimatov, Sherzod"]
[Result "1-0"]
[WhiteElo "1370"]
[BlackElo "1839"]
[PlyCount "85"]
[EventDate "2002.03.08"]
[EventType "tourn"]
[EventRounds "5"]
[EventCountry "CAN"]

1. e4 e5 2. Nf3 Nc6 3. Bc4 Be7 4. Nc3 Nf6 5. d3 O-O 6. h3 h6 7. O-O d6 8. Nd5
Na5 9. Nxe7+ Qxe7 10. Bb3 Nxb3 11. axb3 a6 12. Re1 c5 13. Bd2 Nh7 14. b4 b6 15.
bxc5 bxc5 16. b4 cxb4 17. Bxb4 Qc7 18. c3 a5 19. d4 Bb7 20. Ba3 Rfd8 21. Qc1
Nf6 22. d5 Nd7 23. Nh4 Nc5 24. Bxc5 Qxc5 25. Nf5 Qc7 26. Qe3 Kh7 27. Rec1 Bc8
28. Ng3 g6 29. Nf1 f5 30. exf5 gxf5 31. c4 Qf7 32. Qb6 Bb7 33. Rxa5 Rxa5 34.
Qxa5 Rg8 35. Qa7 Rxg2+ 36. Kh1 Rxf2 37. Qxf2 Qh5 38. Kh2 f4 39. Ra1 Bc8 40.
Ra7+ Kg6 41. Qg2+ Kf5 42. Ra8 Qe8 43. Rxc8 1-0

[Event "Quebec-ch U16"]
[Site "Montreal CAN"]
[Date "2002.03.08"]
[Round "1"]
[White "Neron-Grondin, Guillaume"]
[Black "Obartel, Jacques"]
[Result "1/2-1/2"]
[WhiteElo "1362"]
[BlackElo "1462"]
[PlyCount "98"]
[EventDate "2002.03.08"]
[EventType "tourn"]
[EventRounds "5"]
[EventCountry "CAN"]

1. e4 e5 2. Nf3 Nf6 3. Nxe5 d6 4. Nf3 Nxe4 5. Qe2 Qe7 6. d3 Nf6 7. Nc3 c6 8.
Bg5 Qxe2+ 9. Bxe2 Be7 10. O-O O-O 11. Ne4 Nbd7 12. Nd4 d5 13. Nd2 h6 14. Nf5
Bb4 15. c3 Bxc3 16. bxc3 hxg5 17. Nf3 g4 18. Nd2 Re8 19. Rfe1 Ne5 20. Nd6 Re6
21. d4 Ng6 22. Nxc8 Rxc8 23. Bd3 Nf4 24. Bf5 Rxe1+ 25. Rxe1 Re8 26. Rxe8+ Nxe8
27. Bxg4 Nd6 28. Bd1 Nb5 29. Nb1 Kf8 30. Kf1 Ke7 31. Bc2 Nd6 32. g3 Ne6 33. Nd2
Nb5 34. Nb1 Kd6 35. a4 Nbc7 36. f4 a5 37. h4 Ke7 38. Kf2 Kf6 39. Kf3 g6 40. g4
b5 41. g5+ Kg7 42. axb5 cxb5 43. Ke3 f5 44. Nd2 Ne8 45. Nb3 a4 46. Nc5 N6c7 47.
Nd3 Nd6 48. Ne5 Nc4+ 49. Ke2 Nd6 1/2-1/2

[Event "Quebec-ch U16"]
[Site "Montreal CAN"]
[Date "2002.03.08"]
[Round "1"]
[White "Qako, Silvi"]
[Black "Clyde, Jordan"]
[Result "0-1"]
[WhiteElo "988"]
[BlackElo "1832"]
[PlyCount "62"]
[EventDate "2002.03.08"]
[EventType "tourn"]
[EventRounds "5"]
[EventCountry "CAN"]

1. e4 g6 2. Nf3 Bg7 3. Bc4 e6 4. Nc3 c6 5. a3 d5 6. exd5 cxd5 7. Bb5+ Bd7 8. d4
Bxb5 9. Nxb5 Nc6 10. Bf4 Qa5+ 11. Nc3 Qb6 12. Ne2 Nge7 13. b3 Nf5 14. Be3 O-O
15. c4 Nxe3 16. fxe3 Na5 17. Rb1 dxc4 18. bxc4 Qc7 19. O-O Bh6 20. Kh1 Bxe3 21.
c5 Rad8 22. Qd3 Bh6 23. Nc1 Rd5 24. Ne5 Bxc1 25. Rbxc1 Qxe5 26. dxe5 Rxd3 27.
a4 Rd5 28. Rfe1 Rc8 29. Kg1 Rcxc5 30. Rxc5 Rxc5 31. Kf2 Nc4 0-1

[Event "Quebec-ch U16"]
[Site "Montreal CAN"]
[Date "2002.03.09"]
[Round "2"]
[White "Clyde, Jordan"]
[Black "Obartel, Jacques"]
[Result "1/2-1/2"]
[WhiteElo "1832"]
[BlackElo "1462"]
[PlyCount "150"]
[EventDate "2002.03.08"]
[EventType "tourn"]
[EventRounds "5"]
[EventCountry "CAN"]

1. Nf3 d5 2. b3 Nf6 3. g3 e6 4. Bb2 b6 5. Bg2 Bb7 6. Ne5 c5 7. d3 Qc7 8. Nd2
Bd6 9. Nef3 Nbd7 10. e3 O-O 11. Qe2 e5 12. e4 dxe4 13. Nxe4 Nxe4 14. dxe4 Nf6
15. Nd2 a5 16. a4 Ba6 17. c4 Qe7 18. O-O Bb7 19. Rfe1 Rad8 20. Nb1 Ne8 21. Nc3
Nc7 22. Nd5 Nxd5 23. exd5 f6 24. f4 Rfe8 25. f5 Qd7 26. Be4 Qf7 27. Qc2 Kf8 28.
Kf2 Ke7 29. Rh1 Kd7 30. Rag1 Rg8 31. g4 Ke7 32. Qc1 Bc8 33. g5 Kd7 34. g6 hxg6
35. Rxg6 Rh8 36. h4 Rh7 37. h5 Rdh8 38. Qd1 Bf8 39. Qg4 Kd6 40. Kf3 Bd7 41. h6
gxh6 42. Qh4 Bg7 43. Ba1 Qe7 44. Rhg1 Rg8 45. Qg3 h5 46. Qg5 Be8 47. Rxf6+ Bxf6
48. Qxg8 h4 49. Qe6+ Qxe6 50. fxe6 Bh5+ 51. Kf2 Rg7 52. Rxg7 Bxg7 53. Bc2 Bh6
54. Kg2 Bc1 55. e7 Kxe7 56. Bxe5 Kd7 57. Bf6 Bf4 58. Bxh4 Be5 59. Bg3 Bd4 60.
Bf4 Kc8 61. Kh2 Bg4 62. Kg3 Bd7 63. Be4 Bf6 64. Bf3 Bd8 65. Bg4 Bxg4 66. Kxg4
Bf6 67. d6 Bd4 68. Kf5 Kd7 69. Ke4 Bf2 70. Be3 Bxe3 71. Kxe3 Kxd6 72. Kf4 Kd7
73. Kf5 Ke7 74. Ke5 Kd7 75. Kf5 Ke7 1/2-1/2

[Event "Quebec-ch U16"]
[Site "Montreal CAN"]
[Date "2002.03.09"]
[Round "2"]
[White "Khodjimatov, Sherzod"]
[Black "Neron-Grondin, Guillaume"]
[Result "1-0"]
[WhiteElo "1839"]
[BlackElo "1362"]
[PlyCount "47"]
[EventDate "2002.03.08"]
[EventType "tourn"]
[EventRounds "5"]
[EventCountry "CAN"]

1. e4 c5 2. d4 cxd4 3. c3 dxc3 4. Nxc3 Nc6 5. Nf3 d6 6. Bc4 e6 7. O-O Nf6 8.
Qe2 Bd7 9. Bf4 e5 10. Bg5 h6 11. Bxf6 Qxf6 12. Nd5 Qd8 13. b3 Be6 14. Rfd1 Bxd5
15. exd5 Nb8 16. Nxe5 dxe5 17. Bb5+ Nd7 18. d6 Qf6 19. Bxd7+ Kxd7 20. Qb5+ Kd8
21. Qxb7 Rc8 22. d7 Rc2 23. Qb8+ Ke7 24. Qe8# 1-0

[Event "Quebec-ch U16"]
[Site "Montreal CAN"]
[Date "2002.03.09"]
[Round "2"]
[White "Qako, Silvi"]
[Black "Masaidov, Ibrahim"]
[Result "0-1"]
[WhiteElo "988"]
[BlackElo "1370"]
[PlyCount "64"]
[EventDate "2002.03.08"]
[EventType "tourn"]
[EventRounds "5"]
[EventCountry "CAN"]

1. e4 e5 2. Nf3 Nc6 3. Bb5 a6 4. Bxc6 dxc6 5. Nxe5 Qd4 6. Nf3 Qxe4+ 7. Qe2
Qxe2+ 8. Kxe2 Bg4 9. Re1 O-O-O 10. d3 Bd6 11. h3 Bxf3+ 12. gxf3 Re8+ 13. Kf1
Rxe1+ 14. Kxe1 h6 15. Nc3 Nf6 16. Ne4 Re8 17. Be3 Be5 18. c3 Nd5 19. Kd2 b6 20.
a4 f5 21. Ng3 Nxe3 22. fxe3 Bxg3 23. f4 c5 24. c4 Bf2 25. a5 Kb7 26. axb6 cxb6
27. Kc2 Rxe3 28. Kd2 Rxh3 29. Ke2 Bd4 30. Re1 Re3+ 31. Kd2 Rxe1 32. Kxe1 Bxb2
0-1

[Event "Quebec-ch U16"]
[Site "Montreal CAN"]
[Date "2002.03.09"]
[Round "3"]
[White "Masaidov, Ibrahim"]
[Black "Clyde, Jordan"]
[Result "1/2-1/2"]
[WhiteElo "1370"]
[BlackElo "1832"]
[PlyCount "80"]
[EventDate "2002.03.08"]
[EventType "tourn"]
[EventRounds "5"]
[EventCountry "CAN"]

1. e4 g6 2. d4 Bg7 3. Nc3 d6 4. Nf3 Nd7 5. Bc4 e6 6. O-O Ne7 7. Be3 Nb6 8. Bb3
Bd7 9. Qd2 O-O 10. Bh6 Re8 11. Bxg7 Kxg7 12. h3 Nc6 13. Nh2 e5 14. dxe5 dxe5
15. Nf3 Na5 16. Rfd1 Nxb3 17. cxb3 Qe7 18. Nd5 Nxd5 19. exd5 Qd6 20. Qc3 f6 21.
Rac1 Rac8 22. Nh2 Kg8 23. Nf1 f5 24. Ne3 b5 25. Nf1 e4 26. Qd4 f4 27. b4 f3 28.
gxf3 Bxh3 29. fxe4 Qf4 30. Qe3 Qxe3 31. Nxe3 Rxe4 32. a3 Bg4 33. Rd2 Bf3 34.
Rc6 Rh4 35. Ng2 Rg4 36. Rc3 Bxg2 37. Kh2 Rf8 38. f4 Be4 39. Rxc7 Rf5 40. Kh3
Bf3 1/2-1/2

[Event "Quebec-ch U16"]
[Site "Montreal CAN"]
[Date "2002.03.09"]
[Round "3"]
[White "Neron-Grondin, Guillaume"]
[Black "Qako, Silvi"]
[Result "1-0"]
[WhiteElo "1362"]
[BlackElo "988"]
[PlyCount "89"]
[EventDate "2002.03.08"]
[EventType "tourn"]
[EventRounds "5"]
[EventCountry "CAN"]

1. d4 d5 2. c4 Nf6 3. Nc3 Nc6 4. Nf3 Bf5 5. e3 e6 6. a3 b6 7. Be2 Bd6 8. c5
bxc5 9. dxc5 Bxc5 10. Qa4 Qd7 11. Bb5 O-O 12. Bxc6 Qd8 13. Bxa8 Qxa8 14. b4 Bb6
15. Qd1 a5 16. Bb2 Qd8 17. O-O Bg4 18. h3 Bh5 19. Na4 axb4 20. Nxb6 cxb6 21.
Bxf6 Qxf6 22. Qd4 Qxd4 23. Nxd4 e5 24. Nc6 bxa3 25. Ne7+ Kh8 26. g4 Bg6 27.
Nxg6+ hxg6 28. Rxa3 g5 29. Rfa1 g6 30. Ra8 Rxa8 31. Rxa8+ Kg7 32. Rb8 f5 33.
Rxb6 d4 34. exd4 exd4 35. Rd6 Kf7 36. Rxd4 Ke6 37. f4 gxf4 38. Rxf4 fxg4 39.
hxg4 Ke5 40. Rf8 Ke6 41. Kf2 Ke5 42. Ke3 Ke6 43. g5 Ke7 44. Rf6 Ke8 45. Kd4 1-0

[Event "Quebec-ch U16"]
[Site "Montreal CAN"]
[Date "2002.03.09"]
[Round "3"]
[White "Obartel, Jacques"]
[Black "Khodjimatov, Sherzod"]
[Result "0-1"]
[WhiteElo "1462"]
[BlackElo "1839"]
[PlyCount "120"]
[EventDate "2002.03.08"]
[EventType "tourn"]
[EventRounds "5"]
[EventCountry "CAN"]

1. e4 e5 2. Nf3 Nc6 3. Bb5 a6 4. Ba4 Nf6 5. O-O Be7 6. Re1 b5 7. Bb3 O-O 8. a4
Bb7 9. d3 d6 10. Bg5 Na5 11. Nbd2 c5 12. c4 b4 13. Bc2 Ng4 14. Bxe7 Qxe7 15. h3
Nh6 16. b3 f5 17. Qe2 f4 18. g3 g5 19. Nh2 Qf7 20. Bd1 Bc8 21. Kg2 Qf6 22. Rf1
Nc6 23. Qe1 Qe6 24. g4 Kg7 25. Bc2 Nf7 26. Rh1 Rh8 27. Nhf3 Bd7 28. Ng1 Nd4 29.
Bd1 h6 30. Ngf3 Nc6 31. Ng1 Rh7 32. Bf3 Nd4 33. Bd1 Rah8 34. Ngf3 Be8 35. Nxd4
exd4 36. Be2 Ne5 37. Nf3 Kf6 38. Nxe5 dxe5 39. f3 h5 40. Qf2 Bd7 41. Rh2 hxg4
42. fxg4 Rh4 43. Rah1 Ke7 44. Bf3 Qg8 45. Kg1 R8h7 46. Qd2 R4h6 47. Qc2 Qh8 48.
Qg2 Rh4 49. Bd1 f3 50. Bxf3 Rf7 51. Qg3 Rh6 52. Rf2 Kd6 53. Rhh2 Bxa4 54. bxa4
b3 55. Bd1 Rxf2 56. Qxf2 Rf6 57. Qb2 Qh4 58. Rf2 Qg3+ 59. Rg2 Qe1+ 60. Kh2 Rf1
0-1

[Event "Quebec-ch U16"]
[Site "Montreal CAN"]
[Date "2002.03.10"]
[Round "4"]
[White "Clyde, Jordan"]
[Black "Khodjimatov, Sherzod"]
[Result "0-1"]
[WhiteElo "1832"]
[BlackElo "1839"]
[PlyCount "64"]
[EventDate "2002.03.08"]
[EventType "tourn"]
[EventRounds "5"]
[EventCountry "CAN"]

1. Nf3 Nf6 2. b3 g6 3. Bb2 Bg7 4. g3 d6 5. Bg2 c6 6. d3 O-O 7. O-O e5 8. e4 h6
9. h3 Nbd7 10. Nbd2 a5 11. a4 Nc5 12. Re1 Qc7 13. Bc3 Be6 14. Nc4 Nh7 15. Nfd2
f5 16. Qb1 b6 17. b4 axb4 18. Bxb4 fxe4 19. Bxc5 bxc5 20. Nxe4 Ng5 21. Nxg5
hxg5 22. Qb6 Qxb6 23. Nxb6 Ra6 24. Reb1 e4 25. Ra3 Bd4 26. Bxe4 d5 27. Bxg6
Rxf2 28. Kh1 Bxh3 29. c3 Bg2+ 30. Kh2 Bf3+ 31. Kg1 Rg2+ 32. Kh1 Re2# 0-1

[Event "Quebec-ch U16"]
[Site "Montreal CAN"]
[Date "2002.03.10"]
[Round "4"]
[White "Masaidov, Ibrahim"]
[Black "Neron-Grondin, Guillaume"]
[Result "0-1"]
[WhiteElo "1370"]
[BlackElo "1362"]
[PlyCount "108"]
[EventDate "2002.03.08"]
[EventType "tourn"]
[EventRounds "5"]
[EventCountry "CAN"]

1. e4 c5 2. Nf3 Nc6 3. d4 cxd4 4. Nxd4 d6 5. Bb5 Bd7 6. Nc3 a6 7. Bxc6 Bxc6 8.
Nxc6 bxc6 9. O-O e6 10. Re1 Nf6 11. Qf3 Be7 12. e5 Nd5 13. Nxd5 cxd5 14. Bf4
dxe5 15. Bxe5 Bf6 16. Bxf6 Qxf6 17. Qxd5 O-O 18. Qe5 Qe7 19. h3 Rfc8 20. Qe4
Rab8 21. b3 Rc3 22. Re3 Qc5 23. Rxc3 Qxc3 24. Rd1 g6 25. Qd3 Qb2 26. a4 Rc8 27.
Rd2 Qa1+ 28. Kh2 Qe5+ 29. g3 a5 30. Qd7 Qc3 31. Re2 Rc5 32. Qd2 Qb2 33. Kg2 Rd5
34. Qe3 Qf6 35. c4 Rd7 36. Qe5 Qd8 37. Qb5 Qa8+ 38. Kh2 Rd1 39. g4 Qh1+ 40. Kg3
Rd3+ 41. Re3 Qg1+ 42. Kf3 Qh1+ 43. Kf4 Qh2+ 44. Ke4 Rxe3+ 45. Kxe3 Qxh3+ 46. f3
Qh6+ 47. g5 Qh2 48. Qxa5 Qg1+ 49. Ke4 Qb1+ 50. Kd4 Qxb3 51. Qd8+ Kg7 52. a5
Qd1+ 53. Kc5 Qxd8 54. a6 Qa5+ 0-1

[Event "Quebec-ch U16"]
[Site "Montreal CAN"]
[Date "2002.03.10"]
[Round "4"]
[White "Qako, Silvi"]
[Black "Obartel, Jacques"]
[Result "0-1"]
[WhiteElo "988"]
[BlackElo "1462"]
[PlyCount "108"]
[EventDate "2002.03.08"]
[EventType "tourn"]
[EventRounds "5"]
[EventCountry "CAN"]

1. e4 e5 2. Nf3 Nf6 3. Nc3 Nc6 4. Bb5 Nd4 5. Nxd4 exd4 6. Ne2 Nxe4 7. Nxd4 c6
8. Qe2 Qe7 9. Bd3 Nc5 10. O-O Qxe2 11. Bxe2 Be7 12. Nf5 Bf6 13. Nd6+ Ke7 14.
Nf5+ Kf8 15. d3 d5 16. Be3 Bxf5 17. Bxc5+ Be7 18. Bxe7+ Kxe7 19. Rfe1 Kd6 20.
c4 Rhe8 21. Rac1 b6 22. d4 Re4 23. c5+ Kd7 24. Rcd1 bxc5 25. dxc5 Rae8 26. Kf1
Rb4 27. b3 a5 28. Bf3 Rxe1+ 29. Kxe1 a4 30. bxa4 Rxa4 31. Ra1 Ra5 32. a4 Rxc5
33. a5 Kc7 34. a6 Kb8 35. Be2 Ka7 36. Kd2 Rc2+ 37. Ke3 d4+ 38. Kf3 d3 39. Bd1
Rb2 40. Rc1 Rb6 41. Ba4 d2 42. Rd1 Rb4 43. Bxc6 Bg4+ 44. Ke3 Bxd1 45. Kxd2 Bg4
46. Bb7 Rb2+ 47. Ke3 Be2 48. Bd5 f6 49. Be4 g6 50. h4 Kxa6 51. Bf3 Bxf3 52.
Kxf3 Kb6 53. g3 Kc6 54. Ke3 Kd5 0-1

[Event "Quebec-ch U16"]
[Site "Montreal CAN"]
[Date "2002.03.10"]
[Round "5"]
[White "Khodjimatov, Sherzod"]
[Black "Qako, Silvi"]
[Result "1-0"]
[WhiteElo "1839"]
[BlackElo "988"]
[PlyCount "59"]
[EventDate "2002.03.08"]
[EventType "tourn"]
[EventRounds "5"]
[EventCountry "CAN"]

1. e4 e5 2. Nf3 Nc6 3. Bb5 Nge7 4. O-O g6 5. d4 Bg7 6. d5 Nd4 7. Nxd4 exd4 8.
Nd2 a6 9. Be2 d6 10. Nf3 c5 11. Bf4 O-O 12. Re1 d3 13. Bxd3 Bxb2 14. Rb1 Bg7
15. c4 b5 16. e5 dxe5 17. Bxe5 Bxe5 18. Rxe5 f6 19. Re1 Bf5 20. Bxf5 Nxf5 21.
cxb5 axb5 22. Rxb5 Rxa2 23. Qb3 Ra5 24. d6+ Kh8 25. d7 Kg7 26. Rxa5 Qxa5 27.
Re8 Nd4 28. Qd5 Qa1+ 29. Ne1 Nc2 30. d8=Q 1-0

[Event "Quebec-ch U16"]
[Site "Montreal CAN"]
[Date "2002.03.10"]
[Round "5"]
[White "Neron-Grondin, Guillaume"]
[Black "Clyde, Jordan"]
[Result "1/2-1/2"]
[WhiteElo "1362"]
[BlackElo "1832"]
[PlyCount "130"]
[EventDate "2002.03.08"]
[EventType "tourn"]
[EventRounds "5"]
[EventCountry "CAN"]

1. e4 g6 2. d4 Bg7 3. Be3 d6 4. Nd2 Nd7 5. f4 b6 6. g3 Bb7 7. Bg2 e6 8. c3 f5
9. Qc2 Ngf6 10. h3 Qe7 11. Ne2 d5 12. e5 Ne4 13. Nxe4 fxe4 14. O-O-O Ba6 15.
Bf1 Bd3 16. Qd2 c5 17. Ng1 c4 18. Bxd3 cxd3 19. h4 a5 20. Nh3 b5 21. Nf2 Nb6
22. b3 h5 23. Nxd3 exd3 24. Qxd3 Kf7 25. Kd2 Rhb8 26. Rb1 Rc8 27. Ke2 Qc7 28.
Bd2 Qd7 29. g4 Rh8 30. gxh5 gxh5 31. Rbg1 Kf8 32. Rg6 Rh6 33. Rf1 Rxg6 34. Qxg6
Qf7 35. Qg5 Qf5 36. Qxf5+ exf5 37. Rg1 Nc8 38. Rg5 Ne7 39. Rxh5 Kf7 40. Rg5 Rh8
41. h5 Bh6 42. Rg1 Rg8 43. Rxg8 Kxg8 44. Kd3 Kf7 45. c4 b4 46. Ke3 Ke6 47. c5
Nc6 48. Be1 Nxd4 49. Kxd4 Bxf4 50. c6 Bxe5+ 51. Kc5 d4 52. Bd2 f4 53. Bxf4 Bxf4
54. Kxd4 Kd6 55. c7 Be5+ 56. Kc4 Kxc7 57. Kb5 Kd6 58. Kxa5 Kc5 59. Ka4 Bb2 60.
h6 Bc3 61. a3 bxa3 62. Kxa3 Kb5 63. h7 Bh8 64. b4 Kb6 65. Ka4 Ka6 1/2-1/2

[Event "Quebec-ch U16"]
[Site "Montreal CAN"]
[Date "2002.03.10"]
[Round "5"]
[White "Obartel, Jacques"]
[Black "Masaidov, Ibrahim"]
[Result "1-0"]
[WhiteElo "1462"]
[BlackElo "1370"]
[PlyCount "135"]
[EventDate "2002.03.08"]
[EventType "tourn"]
[EventRounds "5"]
[EventCountry "CAN"]

1. e4 e5 2. Nf3 Nc6 3. Bb5 a6 4. Ba4 Nf6 5. O-O Be7 6. Re1 b5 7. Bb3 d6 8. c3
O-O 9. h3 Na5 10. Bc2 c5 11. d4 Qc7 12. Nbd2 Bb7 13. Nf1 Rfc8 14. d5 c4 15. Ng3
g6 16. Bh6 Bf8 17. Qd2 Re8 18. Bxf8 Rxf8 19. Qh6 Qe7 20. Nh2 Bc8 21. Qg5 Kh8
22. Rad1 Ng8 23. Qd2 Bd7 24. Qe3 Nb7 25. f4 exf4 26. Qxf4 Rfe8 27. Nf3 f6 28.
Nd4 Qe5 29. Qf2 Nc5 30. Rf1 Rf8 31. Nf3 Qe7 32. Qd4 Nh6 33. Rf2 Nf7 34. Rdf1
Ne5 35. Nxe5 fxe5 36. Qe3 Rxf2 37. Rxf2 Rf8 38. Rxf8+ Qxf8 39. Qg5 a5 40. a3
Nd3 41. Bxd3 cxd3 42. Qd2 Qf4 43. Qxf4 exf4 44. Nf1 f3 45. gxf3 Bxh3 46. Nd2
Kg7 47. Kf2 Kf6 48. Ke3 g5 49. Kxd3 Ke5 50. Ke3 h5 51. b4 a4 52. c4 Bd7 53. c5
dxc5 54. bxc5 h4 55. c6 Bc8 56. Kf2 Kd6 57. Nb1 Ba6 58. Nc3 b4 59. axb4 a3 60.
b5 a2 61. Nxa2 Bxb5 62. Nc3 Ba6 63. Kg2 Bc4 64. Nd1 h3+ 65. Kxh3 Be2 66. Nc3
Ba6 67. Kg4 Bc4 68. Kxg5 1-0

[Event "Quebec-ch U18"]
[Site "Montreal CAN"]
[Date "2002.03.08"]
[Round "1"]
[White "Bachand-Fleurent, Julien"]
[Black "Harutyunyan, Ararat"]
[Result "1-0"]
[WhiteElo "2093"]
[BlackElo "1970"]
[PlyCount "99"]
[EventDate "2002.03.08"]
[EventType "tourn"]
[EventRounds "5"]
[EventCountry "CAN"]

1. e4 e6 2. d4 d5 3. Nc3 Bb4 4. e5 c5 5. a3 Bxc3+ 6. bxc3 Ne7 7. Qg4 Nbc6 8.
Nf3 Qb6 9. Bd3 Ng6 10. h4 c4 11. Bxg6 hxg6 12. h5 Bd7 13. Rh3 O-O-O 14. hxg6
Rxh3 15. gxh3 fxg6 16. Qxg6 Rf8 17. Ke2 Qa5 18. Bd2 Rxf3 19. Kxf3 Nxd4+ 20.
cxd4 Qxd2 21. Rb1 Qxd4 22. Qxg7 Qc3+ 23. Kg2 Qxa3 24. h4 d4 25. h5 Bc6+ 26. Kh2
Qf3 27. Qg8+ Kc7 28. Qh7+ Kb8 29. Qh8+ Kc7 30. Qg7+ Kb8 31. Qg5 Qxf2+ 32. Kh3
Qf3+ 33. Kh4 Qf2+ 34. Kh3 Qf3+ 35. Kh4 Qe4+ 36. Kh3 Qf3+ 37. Kh4 Qf2+ 38. Qg3
Qxg3+ 39. Kxg3 Be4 40. Rb4 d3 41. Rxc4 dxc2 42. Kf4 Bf5 43. Ke3 b5 44. Rc5 Kb7
45. Kd2 a5 46. Rxb5+ Kc6 47. Rxa5 Kd7 48. Ra7+ Kc6 49. h6 Kd5 50. h7 1-0

[Event "Quebec-ch U18"]
[Site "Montreal CAN"]
[Date "2002.03.08"]
[Round "1"]
[White "Gottlieb, Jonathan"]
[Black "Tomb, Maroun"]
[Result "0-1"]
[WhiteElo "2259"]
[BlackElo "2105"]
[PlyCount "56"]
[EventDate "2002.03.08"]
[EventType "tourn"]
[EventRounds "5"]
[EventCountry "CAN"]

1. e4 c5 2. Nf3 e6 3. d4 cxd4 4. Nxd4 a6 5. Bd3 Qc7 6. O-O Nf6 7. b3 Be7 8. Bb2
O-O 9. c4 d6 10. Kh1 b6 11. Nd2 Nbd7 12. f4 Bb7 13. Qe2 Rfe8 14. Bc2 Bf8 15.
N4f3 e5 16. f5 d5 17. exd5 Bxd5 18. Rae1 Bb7 19. Ne4 Bxe4 20. Bxe4 Rad8 21. Bb1
Bb4 22. Rd1 Bc5 23. Bc3 a5 24. Qb2 Ng4 25. Rde1 Ne3 26. Rf2 e4 27. Nd2 Ng4 28.
Nxe4 Qxh2# 0-1

[Event "Quebec-ch U18"]
[Site "Montreal CAN"]
[Date "2002.03.08"]
[Round "1"]
[White "Miron, Francois"]
[Black "Charbonneau, Anne-Marie"]
[Result "1/2-1/2"]
[WhiteElo "2062"]
[BlackElo "1920"]
[PlyCount "64"]
[EventDate "2002.03.08"]
[EventType "tourn"]
[EventRounds "5"]
[EventCountry "CAN"]

1. e4 c5 2. Nc3 d6 3. f4 g6 4. Nf3 Bg7 5. Bc4 e6 6. O-O Nc6 7. d3 Nge7 8. Qe1
h6 9. Qh4 a6 10. a4 b6 11. g4 Bb7 12. f5 gxf5 13. gxf5 d5 14. f6 Bxf6 15. Qxf6
Rg8+ 16. Ng5 hxg5 17. Qxf7+ Kd7 18. exd5 Nd4 19. dxe6+ Kc7 20. Rf2 Qd6 21. Qh5
Rh8 22. Qf7 Raf8 23. Qxf8 Rxf8 24. Rxf8 Nf3+ 25. Rxf3 Bxf3 26. Bxg5 Nf5 27. Rf1
Qd4+ 28. Rf2 Qg4+ 29. Kf1 Qxg5 30. Rxf3 Qc1+ 31. Kf2 Qd2+ 32. Ne2 Nd4 1/2-1/2

[Event "Quebec-ch U18"]
[Site "Montreal CAN"]
[Date "2002.03.09"]
[Round "2"]
[White "Bachand-Fleurent, Julien"]
[Black "Miron, Francois"]
[Result "1-0"]
[WhiteElo "2093"]
[BlackElo "2062"]
[PlyCount "73"]
[EventDate "2002.03.08"]
[EventType "tourn"]
[EventRounds "5"]
[EventCountry "CAN"]

1. e4 g6 2. d4 Bg7 3. Nc3 d6 4. g3 Nf6 5. Bg2 Nc6 6. Nge2 O-O 7. O-O e5 8. dxe5
Nxe5 9. Nd4 Bd7 10. h3 Qc8 11. g4 Nc6 12. Be3 h5 13. g5 Ne8 14. Nd5 Kh7 15. h4
Bh3 16. c3 Bxg2 17. Kxg2 Ne5 18. Nf5 Qe6 19. Nxg7 Kxg7 20. f4 Ng4 21. Bd4+ Kh7
22. Qf3 f5 23. gxf6 c6 24. f5 gxf5 25. Nf4 Qf7 26. exf5 Nexf6 27. Ne6 Qg8 28.
Nxf8+ Rxf8 29. Kh1 a6 30. b3 Qf7 31. Rae1 d5 32. Bxf6 Qxf6 33. Qg3 Rf7 34. Re6
Qxe6 35. fxe6 Rxf1+ 36. Kg2 Rf2+ 37. Qxf2 1-0